Govt. of
Madhya Pradesh

Political Faultlines in the Middle East (Record no. 68924)

MARC details
000 -LEADER
fixed length control field 00289nam a22001097a 4500
082 ## - DEWEY DECIMAL CLASSIFICATION NUMBER
Classification number 320/CHA
100 ## - MAIN ENTRY--AUTHOR NAME
Personal name Chatterjee,Kingshuk
245 ## - TITLE STATEMENT
Title Political Faultlines in the Middle East
260 ## - PUBLICATION, DISTRIBUTION, ETC. (IMPRINT)
Place of publication New Delhi
Name of publisher KW Publication
Year of publication 2021
650 ## - SUBJECT ADDED ENTRY--TOPICAL TERM
Topical Term Political Scince
942 ## - ADDED ENTRY ELEMENTS (KOHA)
Koha item type Books
Holdings
Withdrawn status Lost status Damaged status Not for loan Home library Current library Date acquired Cost, normal purchase price Full call number Accession Number Price effective from Koha item type
        MACL MACL 05/04/2026 1080.00 320/CHA CRE040425 05/04/2026 Books